| 000 | 00435nam a2200181Ia 4500 | ||
|---|---|---|---|
| 005 | 20250521155735.0 | ||
| 008 | 250326s9999 xx 000 0 und d | ||
| 020 |
_a9788184958591 _qpbk |
||
| 041 | _aeng | ||
| 082 |
_a833.912 _bHES |
||
| 100 | _aHesse, Hermann | ||
| 245 | 0 |
_aSiddhartha _c/Hermann Hesse |
|
| 250 | _a1 ed. | ||
| 260 |
_bJaico _c2016 |
||
| 300 | _a172 p. : 21 cms | ||
| 650 | _aGerman fiction | ||
| 942 | _cENGLISH | ||
| 999 |
_c569758 _d569758 |
||